000 00690nam a2200241Ia 4500
003 OSt
005 20220923224331.0
006 a|||||r|||| 00| 0
007 ta
008 Pun
024 _a231,367
037 _cTextual
040 _aARTS
_cARTS
_bPun
041 _2Pun
_aPun
082 _aNR44, 153M6
100 _aਨਰੂਲਾ, ਡੀ. ਐਮ.
245 0 _aਸੰਗੀਤ ਵਿਚਾਰਧਾਰਾ
260 _aਅੰਮ੍ਰਿਤਸਰ
_b ਲਿਟਰੇਚਰ ਹਾਊਸ
_c1986
300 _a174ਪੰ
_ccm.
650 _aਵਧੀਆ ਕਲਾ
_9156314
942 _hNR44, 153M6
_cTEXL
_2CC
999 _c370751
_d370751